00261nam a2200085 4500082001400000245006500014260005100079300000700130650003800137 a630.7 NAT aNational Committee of Socio - Economists and Policy Analysis bCouncil for Agricultural Research Policyc1999 a40 aSocio EconomistsaPolicy Analysis